000 00775nam a2200241Ia 4500
003 OSt
005 20220923212415.0
006 a|||||r|||| 00| 0
007 ta
008 220922b |||||||| |||| 00| 0 hin d
024 _a152,676
037 _cTextual
040 _aARTS
_cARTS
_bhin
041 _2hin
_ahin
082 _aND44w, 152N1
100 _aगुप्त, रमेशचन्द्र
_9156365
245 0 _aकला इतिहास के आयाम
246 _aKalā itihās ke āyāma
260 _aदिल्ली
_b उर्मिला पब्लिकेशन
_c1991
300 _a76 पृ.
_ccm.
942 _hND44w, 152N1
_cTEXL
_2CC
999 _c308325
_d308325